Η εικόνα του δράκοντα από τις παραδοσιακές αφηγήσεις έως τις αναπαραστάσεις στα σύγχρονα μέσα επικοινωνίας : αντιλήψεις μαθητών Β'θμιας εκπαίδευσης ; διπλωματική εργασία [μεταπτυχιακή εργασία]
Saved in:
| Main Author: | |
|---|---|
| Corporate Author: | |
| Format: | Thesis Book |
| Language: | Greek |
| Published: |
2017.
|
| Subjects: | |
| Online Access: | http://hdl.handle.net/11610/17785 |
| Tags: |
Add Tag
No Tags, Be the first to tag this record!
|
MARC
| LEADER | 00000cam a2200000 a 4500 | ||
|---|---|---|---|
| 001 | 1/115528 | ||
| 008 | 171130s2017####gr | ||| |||| ||gre|| | ||
| 040 | |a GR-MyUa |b gre |c GR-MyUa |e AACR2 | ||
| 041 | 0 | |a gre | |
| 082 | 7 | |a 398.2 |2 (23) | |
| 100 | 1 | |a Τζώρτζης, Νικόλαος. | |
| 245 | 1 | 2 | |a Η εικόνα του δράκοντα από τις παραδοσιακές αφηγήσεις έως τις αναπαραστάσεις στα σύγχρονα μέσα επικοινωνίας : |b αντιλήψεις μαθητών Β'θμιας εκπαίδευσης ; διπλωματική εργασία [μεταπτυχιακή εργασία] / |c Τζώρτζης Νικόλαος ; επιβλέπων καθηγητής: Κατσαδώρος Γεώργιος. |
| 260 | |c 2017. | ||
| 300 | |a 147 σ. : |b πίν., εικ., διαγρ. ; |c 30 εκ. | ||
| 500 | |a Υπάρχει ψηφιακό αντίγραφο. | ||
| 500 | |a Μέλη εξεταστικής επιτροπής: Χριστοδουλίδου Λουΐζα, Φωκίδης Εμμανουήλ. | ||
| 502 | # | # | |a Διατριβή (μεταπτυχιακή) – Πανεπιστήμιο Αιγαίου, Ρόδος, 2017. |
| 504 | |a Βιβλιογραφία: σ. 124-134. | ||
| 506 | 0 | |a Πλήρες κείμενο - Ελεύθερη δημοσίευση. | |
| 650 | 0 | |a Folk literature, Greek. | |
| 650 | 0 | |a Folk literature, Greek |x History and critism. | |
| 650 | 0 | |a Folklore and education. | |
| 650 | 0 | |a Oral tradition |z Greece. | |
| 650 | 0 | |a Students |x Attitudes. | |
| 650 | 0 | |a Educational technology |x Study and teaching. | |
| 650 | 0 | |a Mythology. | |
| 650 | 0 | |a Folklore and children |x History and criticism. | |
| 650 | 0 | |a Social networks. | |
| 700 | 1 | |a Κατσαδώρος, Γεώργιος Κ. |e dgs | |
| 710 | 2 | |a Πανεπιστήμιο Αιγαίου |b Σχολή Ανθρωπιστικών Επιστημών |b Παιδαγωγικό Τμήμα Δημοτικής Εκπαίδευσης |b Πρόγραμμα Μεταπτυχιακών Σπουδών Επιστήμες της Αγωγής - Εκπαίδευση με τη Χρήση Νέων Τεχνολογιών. | |
| 852 | |a INST |b RHODES |c DIATR |e 20171130 |h 398.2 ΤΖΩ |p 005400039695 |q 005400039695 |t MTXE |y 23 | ||
| 856 | |u http://hdl.handle.net/11610/17785 | ||
| 924 | |a Τζώρτζης |b Νικόλαος |y Ρόδος |z 2017-07 | ||
| 970 | |z 30-11-2017 | ||